书目信息 |
| 题名: |
新中国民族工作大事概览
|
|
| 作者: | 罗广武 编著 | |
| 分册: | ||
| 出版信息: | 北京 华文出版社 2001 |
|
| 页数: | 1096页 | |
| 开本: | 20cm | |
| 丛书名: | ||
| 单 册: | ||
| 中图分类: | D633 | |
| 科图分类: | ||
| 主题词: | 民族工作--min zu gong zuo--中国--1949-1999 | |
| 电子资源: | ||
| ISBN: | 7-5075-1090-5 | |
| 000 | 00652nam0 2200217 45 | |
| 001 | CAL 012001203468 | |
| 005 | 20031219104055.1 | |
| 010 | @a7-5075-1090-5@b精装@dCNY100.00 | |
| 100 | @a20000925d2001 ekmy0chiy0121 ea | |
| 101 | 0 | @achi |
| 102 | @aCN@b110000 | |
| 105 | @ay z 000yy | |
| 106 | @ar | |
| 200 | 1 | @a新中国民族工作大事概览@Axin zhong guo min zu gong zuo da shi gai lan@e1949-1999@f罗广武编著 |
| 210 | @a北京@c华文出版社@d2001 | |
| 215 | @a1096页@d20cm | |
| 606 | 0 | @a民族工作@Amin zu gong zuo@y中国@z1949-1999 |
| 690 | @aD633@v4 | |
| 701 | 0 | @a罗广武@Aluo guang wu@4编著 |
| 801 | @aCN@bTSTC@c20020427 | |
| 905 | @b309297@dD633@e37@f1 | |
| 新中国民族工作大事概览:1949-1999/罗广武编著.-北京:华文出版社,2001 |
| 1096页;20cm |
| ISBN 7-5075-1090-5(精装):CNY100.00 |
| ● |
| 相关链接 |
|
|
|
|
正题名:新中国民族工作大事概览
索取号:D633/37
 
预约/预借
| 序号 | 登录号 | 条形码 | 馆藏地/架位号 | 状态 | 备注 |
| 1 | 0309297 | 203092973 | 第一样本阅览室/ [索取号:D633/37] | 在馆 |